000 01445cam a2200397 a 4500
001 10048
003 FISKH
005 20260401152133.0
008 940517s1994 mnub j 000 1 eng
010 _a 94019910
020 _a155661375X :
020 _a9781556613753
035 _a3960190
040 _aDLC
_cDLC
_dDLC
050 0 0 _aPZ7.E4794
_bBe 1994
082 _a813
100 1 _aElmer, Robert.
245 1 0 _aBeyond the river /
_cRobert Elmer.
260 _aMinneapolis, Minn. :
_bBethany House,
_c1994.
300 _a176 pages :
_bmaps ;
_c21 cm.
490 1 _aThe young underground ;
_vBook two
500 _a"Juvenile fiction (ages 8-13)"--Cover.
505 _aR
520 _aWhile visiting their cousins' farm on the west coast of Denmark in the summer of 1944, eleven-year-old twins Peter and Elise learn the power of prayer as they work to rescue a downed British pilot.
521 8 _a680
_bLexile estimate
521 8 _aR
_bRaz-Plus
650 0 0 _aWorld War, 1939-1945
_xUnderground movements
_zDenmark
_xJuvenile fiction.
650 1 _aWorld War, 1939-1945
_xUnderground movements
_zDenmark
_xFiction.
650 1 _aSiblings
_xFiction.
650 1 _aChristian life
_xFiction.
651 1 _aDenmark
_xHistory
_yGerman occupation, 1940-1945
_xFiction.
800 1 _aElmer, Robert.
_tYoung underground ;
_v#2.
906 _a7
_bcbc
_corignew
_d1
_eocip
_f19
_gy-gencatlg
942 _2ddc
_cBK
_n0
999 _c10048
_d10048